00436cam a2200181ua 45000010005000000080039000050200018000440400009000620410008000710820008000791000024000872450036001112500009001472600032001563000010001886530036001986530020002347938150102n ii |||gr||||Z||||||hin a9788173157295 cMAIN ahin a920 aObama, B.,eAuthor.1 aAsha ka saveracBy Barack Obama a1st. aNew Delhi:bPrabhat,c2009. a248p. aBiography, genealogy & insignia aHindi biography